000 00239nam a22001097a 4500
008 160510b xxu||||| |||| 00| 0 eng d
020 _a047165552X
041 _aeng
080 _a54
245 _aChemistry:
_cJames Spencer;
942 _2udc
_cBK
999 _c1968
_d1968